Antecedentes rurales y participación urbana /

Uloženo v:
Podrobná bibliografie
Hlavní autor: Zimmer, Basil G.
Médium: Text
Tagy: Přidat tag
Žádné tagy, Buďte první, kdo vytvoří štítek k tomuto záznamu!

MARC

LEADER 00000 a a2200000 04500
001 43564
003
040
100 |a Zimmer, Basil G.  
245 |a Antecedentes rurales y participación urbana /  |c Basil G. Zimmer  
773 |g páginas 481-491 : tablas  
999 |c 23730  |d 23730